A foreign lens how global partners view China's poverty alleviation efforts (Record no. 587873)
[ view plain ]
| 000 -LEADER | |
|---|---|
| fixed length control field | 00349nam a22001217a 4500 |
| 008 - FIXED-LENGTH DATA ELEMENTS--GENERAL INFORMATION | |
| fixed length control field | 211015b ||||| |||| 00| 0 eng d |
| 040 ## - CATALOGING SOURCE | |
| Transcribing agency | DLC |
| 082 ## - DEWEY DECIMAL CLASSIFICATION NUMBER | |
| Classification number | 339.46 |
| Author Mark | FLP |
| 245 ## - TITLE STATEMENT | |
| Title | A foreign lens how global partners view China's poverty alleviation efforts |
| 260 ## - PUBLICATION, DISTRIBUTION, ETC. | |
| Place of publication, distribution, etc. | Beijing |
| Name of publisher, distributor, etc. | Foreign Language Press |
| Date of publication, distribution, etc. | 2019 |
| 300 ## - PHYSICAL DESCRIPTION | |
| Extent | 167p |
| 942 ## - ADDED ENTRY ELEMENTS (KOHA) | |
| Source of classification or shelving scheme | |
| Koha item type | Book |
| Withdrawn status | Lost status | Source of classification or shelving scheme | Damaged status | Not for loan | Permanent Location | Current Location | Date acquired | Full call number | Barcode | Date last seen | Price effective from | Koha item type | Public note |
|---|---|---|---|---|---|---|---|---|---|---|---|---|---|
| School of Civil and Environmental Engineering (SCEE) | School of Civil and Environmental Engineering (SCEE) | 02/15/2022 | 339.46 FLP | NIT-13469 | 02/15/2022 | 02/15/2022 | Book | Chinese Donation |
